Derechos de la niñez y la adolesencia: Una mirada detallada a las brechas cantonales y regionales /

Gespeichert in:
Bibliographische Detailangaben
Körperschaft: Programa Estado de la Nación (Costa Rica)
Format: Unbekannt
Sprache:Spanish
Veröffentlicht: Costa Rica : Programa Estado de la Nación; UNICEF
Schlagworte:
Tags: Tag hinzufügen
Keine Tags, Fügen Sie den ersten Tag hinzu!

MARC

LEADER 00000 a2200000 04500
001 44297
003
008 050628s2006 cr spa d
040
020 |a 9968-806-35-8  
090 |a 1002 P64d  
110 |a Programa Estado de la Nación (Costa Rica)  
245 |a Derechos de la niñez y la adolesencia:  |b Una mirada detallada a las brechas cantonales y regionales /   |c Programa Estado de la Nación (Costa Rica)  
260 |a Costa Rica :   |b Programa Estado de la Nación; UNICEF  
300 |a 109 páginas  
650 |a DERECHOS DEL NIÑO  
650 |a ADOLESCENTES  
650 |a GRUPOS VULNERABLES  
650 |a GOBIERNO LOCAL  
650 |a COSTA RICA  
650 |a COMPOSICION FAMILIAR  
999 |c 16832  |d 16832